Cavafis

Αποθηκεύτηκε σε:
Λεπτομέρειες βιβλιογραφικής εγγραφής
Κύριος συγγραφέας: Καβάφης, Κωνσταντίνος Π., 1863-1933
Άλλοι συγγραφείς: Cantú, Cayetano (Μεταφραστής)
Μορφή: Βιβλίο
Γλώσσα:Spanish
Greek
Δημοσίευση: Mexico : Universidad Nacional Autonoma, Direccion General de Difusion Cultural, Departamento de Humanidades, [1979;]
Σειρά:Material de lectura. Serie Poesía moderna.
Θέματα:
Ετικέτες: Προσθήκη ετικέτας
Δεν υπάρχουν, Καταχωρήστε ετικέτα πρώτοι!

MARC

LEADER 00000cam a2200000 i 4500
001 1/67809
008 150225s1979 mx | ||| |||| ||spa||
035 |l 10121236 
040 |a GR-MyUa  |b gre  |e AACR2 
041 1 |a spa  |h gre 
082 7 |a 889.1   |2 (23) 
100 1 |a Καβάφης, Κωνσταντίνος Π.,   |d 1863-1933. 
245 1 0 |a Cavafis /   |c selección, traduccióon directa del griego y notas de Cayetano Cantú ; presentación de F. José Férez Kuri.  
260 |a Mexico :   |b Universidad Nacional Autonoma, Direccion General de Difusion Cultural, Departamento de Humanidades,   |c [1979;] 
300 |a 35 σ. ;  |c 21 εκ. 
490 1 |a (Material de lectura. Serie Poesía moderna ;   |v 25) 
600 1 0 |a Καβάφης, Κωνσταντίνος Π.,   |d 1863-1933  |x Translation into Spanish. 
700 1 |a Cantú, Cayetano,  |e trl 
830 0 |a Material de lectura.   |p Serie Poesía moderna. 
852 |a INST  |b SYROS  |e 20150225  |h 889.1 ΚΑΒ  |p 005500010112  |q 005500010112  |t BK  |y 0 
901 |a BIBL5-2015-1 
970 |a Κοντού  |b Παρασκευή  |z 25/02/2015